25 Need To Know Key Performance Indicators

Bibliographic Details
Main Author: Marr, Benard (Author)
Format: Book
Language:English
Published: Harlow, England ; New York : Pearson 2014.
Subjects:

MARC

LEADER 00000cam a2200000 7i4500
001 0000112424
005 20180314.0
008 100526s uk # 0 eng
020 |a 9781292016474 
090 0 0 |a 658.4013   |b MAR 
100 1 |a Marr, Benard ,   |e author 
245 1 0 |a 25 Need To Know Key Performance Indicators   |c Benard Marr 
246 1 |a Twenty five need-to-know key performance indicators 
264 3 1 |a Harlow, England ; New York :   |b Pearson   |c 2014. 
300 |a xxiii, 200 pages ;   |c 22 cm. 
500 |a Includes bibliographical references and index 
650 1 0 |a Benchmarking (Management) 
650 2 0 |a Business planning 
650 2 0 |a Management -- Statistical methods 
650 2 0 |a Performance 
999 |a 0000317150   |b Buku   |c Koleksi Tuan Yang Terutama DiPertua Negeri Melaka   |e Perbadanan Perpustakaan Awam Melaka 
999 |a 0000479485   |b Buku   |c Rak Terbuka   |e Perbadanan Perpustakaan Awam Melaka